000 00570nam a2200217Ia 4500
003 OSt
005 20230609143951.0
008 210423s2004 xx 000 0 und d
040 _cAL
041 _aeng
082 _a153.8 RAMC
_223
100 _aRAMAIAH (V Aswatha)
_9123329
245 _aCelebration called life
260 _aBangalore
_bUnique consultation
_c2004
300 _ax,325
_bPB
365 _b350
_cINR
650 _aMental Process & Intelligence
_9123330
650 _aPsychology
_9123331
906 _acalled ; Celebration ; life
942 _2ddc
_cBK
999 _c174259
_d174259